<?xml version="1.0" encoding="UTF-8"?>
<record
    xmlns:xsi="http://www.w3.org/2001/XMLSchema-instance"
    xsi:schemaLocation="http://www.loc.gov/MARC21/slim http://www.loc.gov/standards/marcxml/schema/MARC21slim.xsd"
    xmlns="http://www.loc.gov/MARC21/slim">

  <leader>01031nam a2200265 a 4500</leader>
  <controlfield tag="001">C00282636c-7</controlfield>
  <controlfield tag="003">PE-LiUPU</controlfield>
  <controlfield tag="005">20250602173023.0</controlfield>
  <controlfield tag="007">ta</controlfield>
  <controlfield tag="008">100226s1964    per    g      00010 spa</controlfield>
  <datafield tag="040" ind1=" " ind2=" ">
    <subfield code="a">PE-BnP</subfield>
    <subfield code="b">spa</subfield>
    <subfield code="c">PE-LiUPU</subfield>
    <subfield code="d">PE-LiUPU</subfield>
    <subfield code="e">rda</subfield>
  </datafield>
  <datafield tag="082" ind1="0" ind2="4">
    <subfield code="a">413.1</subfield>
    <subfield code="2">23</subfield>
    <subfield code="b">R934d</subfield>
  </datafield>
  <datafield tag="100" ind1="1" ind2=" ">
    <subfield code="a">Ruiz Cardenas, Alberto,</subfield>
    <subfield code="d">1916-</subfield>
    <subfield code="e">autor.</subfield>
    <subfield code="9">5307</subfield>
  </datafield>
  <datafield tag="245" ind1="1" ind2="0">
    <subfield code="a">Diccionario sin&#xF3;nimos m&#xFA;ltiples / </subfield>
    <subfield code="c">Alberto Ruiz C&#xE1;rdenas.</subfield>
  </datafield>
  <datafield tag="250" ind1=" " ind2=" ">
    <subfield code="a">Novena edicion, superior.</subfield>
  </datafield>
  <datafield tag="264" ind1=" " ind2=" ">
    <subfield code="a">Lima, Per&#xFA; :</subfield>
    <subfield code="b">EDICIONES "MUN" MOVIMIENTO UNIVERSIDAD NUEVA,</subfield>
    <subfield code="c">1991.</subfield>
  </datafield>
  <datafield tag="300" ind1=" " ind2=" ">
    <subfield code="a">618 p. ; </subfield>
    <subfield code="c">22 cm.</subfield>
  </datafield>
  <datafield tag="583" ind1=" " ind2=" ">
    <subfield code="a">Adq. </subfield>
    <subfield code="b">Compra </subfield>
    <subfield code="c">20030609</subfield>
  </datafield>
  <datafield tag="650" ind1="1" ind2="8">
    <subfield code="a">Enciclopedias y diccionarios.</subfield>
  </datafield>
  <datafield tag="650" ind1="2" ind2="8">
    <subfield code="a">Sin&#xF3;nimos.</subfield>
  </datafield>
  <datafield tag="942" ind1=" " ind2=" ">
    <subfield code="2">ddc</subfield>
    <subfield code="c">BK</subfield>
  </datafield>
  <datafield tag="980" ind1=" " ind2=" ">
    <subfield code="6">21515</subfield>
    <subfield code="a">ROMINA COBOS Adquisiciones</subfield>
    <subfield code="8">21515</subfield>
    <subfield code="g">ROMINA COBOS Adquisiciones</subfield>
  </datafield>
  <datafield tag="999" ind1=" " ind2=" ">
    <subfield code="c">62933</subfield>
    <subfield code="d">62932</subfield>
  </datafield>
</record>
